Libro gris: política de expansión y neonazismo en Alemania occidental

Saved in:
Bibliografiske detaljer
Format: Bog
Sprog:spansk
Udgivet: Berlín Zeit im Bild 1967
Fag:
Tags: Tilføj Tag
Ingen Tags, Vær først til at tagge denne postø!

MARC

LEADER 00000nam a2200000 a 4500
001 UCO0765
003 CL-VaPUC
008 000428e19670000GW |||||||||||||||||spa|d
082 0 4 |a 943.087  |b LIB  |2 21 
245 1 0 |a Libro gris: política de expansión y neonazismo en Alemania occidental 
300 |a 245 p 
942 |c BK 
945 |d 20000428 00:00:00  |a rherrera 
260 |a Berlín  |b Zeit im Bild  |c 1967 
650 7 |a HISTORIA DE ALEMANIA 1949-1967  |2 CL-VaPUC  |9 442243 
650 0 |a Posguerra  |9 372262 
650 7 |a NEONAZISMO  |2 CL-VaPUC  |9 442244 
650 7 |a EXPANSION  |2 CL-VaPUC  |9 399109 
650 0 |a Ideologías políticas   |9 255735 
651 7 |a ALEMANIA OCCIDENTAL  |2 CL-VaPUC  |9 353359 
651 0 |a Alemania  |9 255688 
583 |a last modification  |c 20120831 12:28:31  |k Rodrigo Vera 
999 |c 287412  |d 287410 
952 |0 0  |1 0  |4 0  |6 943_087000000000000_LIB_1967  |7 0  |8 A  |9 334259  |a BIBHIS  |b BIBHIS  |d 2019-11-20  |i 1265989  |o 943.087 LIB 1967  |p 1265989  |r 2025-01-20  |w 2019-11-20  |y BK  |k HIS 
952 |0 0  |1 0  |4 0  |6 943_087000000000000_LIB_1967  |7 0  |8 A  |9 334260  |a BIBHIS  |b BIBHIS  |d 2019-11-20  |i 1266004  |o 943.087 LIB 1967  |p 1266004  |r 2025-01-20  |w 2019-11-20  |y BK  |k HIS